Informácie a materiály pre riadenie a metodiku v JSK na Slovensku 172

Gespeichert in:
Bibliographische Detailangaben
Format: Buch
Sprache:Slowakisch
Veröffentlicht: Martin Matica slovenská 1987
Schriftenreihe:Metodika a propagácia
Tags: Tag hinzufügen
Keine Tags, Fügen Sie das erste Tag hinzu!

MARC

LEADER 00000nam a2200000 4500
001 c024388
005 20260121100818.2
041 0 |a slo 
044 |a SK 
245 1 0 |a Informácie a materiály pre riadenie a metodiku v JSK na Slovensku 172 
264 1 |a Martin  |b Matica slovenská  |c 1987 
300 |a 128 s. 
490 1 |a Metodika a propagácia 
830 0 |a Metodika a propagácia